| 000 | 00727nam a2200217 a 4500 | ||
|---|---|---|---|
| 001 | 21341 | ||
| 003 | CO-ViMGA | ||
| 008 | 141112s2004 ck r 000 u spa d | ||
| 020 | _a8408059289 | ||
| 040 |
_aCO-ViMGA _bspa _cCO-ViMGA |
||
| 082 | 0 | 4 | _aLEWp |
| 100 | 1 |
_aLewis, Clive Staples; Gallart, Gemma Tr. _930443 |
|
| 245 | 1 | 0 | _aEl príncipe caspian (las cronicas de Narnia) |
| 260 |
_aBarcelona; Planeta, _c2005 |
||
| 300 | _a280 | ||
| 490 | _aLas crónicas de Narnia | ||
| 590 | _aForma de adquisición : Compra fact. 0862 - - Precio : 33000 - - Proveedor : Temas y libros - - Fecha de adquisición : Mayo 2007 | ||
| 650 | 1 | 4 |
_aNOVELA INFANTIL INGLESA _930444 |
| 650 | 1 | 4 |
_aPIRATAS EN LA LITERATURA _9939 |
| 942 |
_2ddc _cBK |
||
| 999 |
_c29961 _d29961 |
||